|
|
|
|
| LEADER |
00713nta a2200193 i 4500 |
| 001 |
dipl121032 |
| 005 |
20220131081209.0 |
| 008 |
220117s2010 hu om 0|| zxx d |
| 040 |
|
|
|a SZTE Diploma Repozitórium
|b hun
|
| 041 |
|
|
|a zxx
|
| 100 |
1 |
|
|a Lukács Attila
|
| 245 |
1 |
0 |
|a Problémás - nehezen nevelhető gyermekek az iskolában
|h [elektronikus dokumentum] /
|c Attila Lukács
|
| 260 |
|
|
|c 2010
|
| 650 |
|
4 |
|a Pedagógusképzés
|
| 650 |
|
4 |
|a Social sciences
|
| 650 |
|
4 |
|a Educational sciences
|
| 650 |
|
4 |
|a Education, special (to gifted persons, those with learning disabilities)
|
| 700 |
1 |
|
|a Janowszky Sándor
|e ths
|
| 856 |
4 |
0 |
|u http://diploma.bibl.u-szeged.hu/id/eprint/121032/1/2010_lukacs_attila.pdf
|z Dokumentum-elérés
|